Principles of Control Systems: (Record no. 592319)
[ view plain ]
| 000 -LEADER | |
|---|---|
| fixed length control field | 00944nam a22001577a 4500 |
| 003 - CONTROL NUMBER IDENTIFIER | |
| control field | NUST |
| 005 - DATE AND TIME OF LATEST TRANSACTION | |
| control field | 20221116104911.0 |
| 020 ## - INTERNATIONAL STANDARD BOOK NUMBER | |
| International Standard Book Number | 9788121917780 |
| 082 ## - DEWEY DECIMAL CLASSIFICATION NUMBER | |
| Classification number | 629.8, XAV |
| 100 ## - MAIN ENTRY--PERSONAL NAME | |
| Personal name | Xavier, Eugene |
| 9 (RLIN) | 102662 |
| 245 ## - TITLE STATEMENT | |
| Title | Principles of Control Systems: |
| Statement of responsibility, etc. | Eugene Xavier, J Joseph Cyril Babu |
| 260 ## - PUBLICATION, DISTRIBUTION, ETC. | |
| Place of publication, distribution, etc. | New Delhi |
| Name of publisher, distributor, etc. | S. Chand |
| Date of publication, distribution, etc. | 1999 |
| 300 ## - PHYSICAL DESCRIPTION | |
| Extent | xi, 512: pages |
| 505 ## - FORMATTED CONTENTS NOTE | |
| Formatted contents note | Introduction (Page-1-7), Mathematical Tools for Control Systems Analysis (Page-8-60), Mathematical Models of Physical Systems (Page-61-128), Feedback Characteristics of control Systems (Page-129-143), Components of Control Systems (Page-144-187), Time Domain Analysis of Control Systems (Page-188-267), Stability of Control Systems (Page-268-293), Root Locus Techniques (Page-294-342), Frequency Domain Analysis of Control Systems (Page-343-390), Design and Compensation of Control Systems (Page-391-430), State Variable Analysis (Page-431-472). |
| 942 ## - ADDED ENTRY ELEMENTS (KOHA) | |
| Source of classification or shelving scheme | |
| Koha item type | Book |
| Withdrawn status | Lost status | Source of classification or shelving scheme | Damaged status | Not for loan | Permanent Location | Current Location | Shelving location | Date acquired | Full call number | Barcode | Date last seen | Price effective from | Koha item type | Public note |
|---|---|---|---|---|---|---|---|---|---|---|---|---|---|---|
| Military College of Signals (MCS) | Military College of Signals (MCS) | General Stacks | 11/16/2022 | 629.8,XAV | MCS38193 | 11/16/2022 | 11/16/2022 | Book | Almirah Fresh No.45, Shelf No.5 |
